000
00227nam a22000857a 4500
008
161020b xxu||||| |||| 00| 0 eng d
100
_9
896
_a
Vohra.V.R.
245
_a
Modern Cookery Book
260
_a
Hyderabad
_b
Pustak Publications
_c
2006
999
_c
3550
_d
3550